Optimisation study of the reservation system (Record no. 501144)

000 -LEADER
fixed length control field 00410cam a22001337a 4500
008 - FIXED-LENGTH DATA ELEMENTS--GENERAL INFORMATION
fixed length control field 180718b1979 xxu||||| |||| 00| 0 eng d
082 ## - DEWEY DECIMAL CLASSIFICATION NUMBER
Classification number APPPA 78-79 AGR
100 ## - MAIN ENTRY--PERSONAL NAME
Personal name Agrawal, H.S.
245 ## - TITLE STATEMENT
Title Optimisation study of the reservation system
Statement of responsibility, etc. by H.S. Agrawal
260 ## - PUBLICATION, DISTRIBUTION, ETC.
Place of publication, distribution, etc. New Delhi
Name of publisher, distributor, etc. Indian Institute of Public Administration
Date of publication, distribution, etc. 1979
300 ## - PHYSICAL DESCRIPTION
Extent 136p.
650 ## - SUBJECT ADDED ENTRY--TOPICAL TERM
Topical term or geographic name entry element Reservation system
650 ## - SUBJECT ADDED ENTRY--TOPICAL TERM
Topical term or geographic name entry element Optimisation
Holdings
Withdrawn status Lost status Damaged status Not for loan Permanent Location Current Location Date acquired Full call number Barcode Date last seen Price effective from Koha item type
        Indian Institute of Public Administration Indian Institute of Public Administration 2018-08-04 APPPA 78-79 AGR GR10727 2018-08-04 2018-08-04 GR

Powered by Koha